An agrarian history of South Asia /
| Hovedforfatter: | |
|---|---|
| Format: | Bog |
| Sprog: | English |
| Udgivet: |
Cambridge, UK ; New York :
Cambridge University Press,
1999.
|
| Serier: | The new Cambridge history of India ;
IV, 4 |
| Fag: | |
| Online adgang: | Book review (H-Net) Sample text Publisher description Table of contents |
| Classic Catalogue: | View this record in Classic Catalogue |
| LEADER | 01612nam a2200349 a 4500 | ||
|---|---|---|---|
| 001 | 29021 | ||
| 003 | BD-DhAAL | ||
| 005 | 20150320144948.0 | ||
| 008 | 150320s1999 nyu b 000 0 eng | ||
| 010 | |a 98043856 | ||
| 020 | |a 0521364248 hb | ||
| 040 | |a DLC |c DLC |d DLC |d BD-DhAAL | ||
| 043 | |a a-ii--- | ||
| 050 | 0 | 0 | |a DS436 |b .N47 1987 pt. 4, vol. 4 |
| 082 | 0 | 0 | |a 630.954 |2 21 |
| 100 | 1 | |a Ludden, David E. |9 9954 | |
| 245 | 1 | 3 | |a An agrarian history of South Asia / |c David Ludden. |
| 260 | |a Cambridge, UK ; |a New York : |b Cambridge University Press, |c 1999. | ||
| 300 | |a xiii, 261 p. ; |c 24 cm. | ||
| 490 | 4 | |a The new Cambridge history of India ; |v IV, 4 | |
| 504 | |a Includes bibliographical references (p. 231-248) and index. | ||
| 541 | |e 29021 | ||
| 650 | 0 | |a Agriculture |z Economic aspects |x India. |9 9955 | |
| 650 | 0 | |a Agriculture |z India |x History. |9 9956 | |
| 856 | 4 | 2 | |3 Book review (H-Net) |u http://www.h-net.org/review/hrev-a0b6l7-aa |
| 856 | 4 | 1 | |3 Sample text |u http://www.loc.gov/catdir/samples/cam032/98043856.html |
| 856 | 4 | 2 | |3 Publisher description |u http://www.loc.gov/catdir/description/cam029/98043856.html |
| 856 | 4 | 1 | |3 Table of contents |u http://www.loc.gov/catdir/toc/cam022/98043856.html |
| 942 | |2 ddc |c BK | ||
| 999 | |c 34117 |d 34117 | ||
| 952 | |0 0 |1 0 |2 ddc |4 0 |6 630_954000000000000_LUD |7 0 |9 53240 |a BRACUL |b BRACUL |c GEN |d 2015-03-20 |e Karim International |g 2690.00 |l 0 |o 630.954 LUD |p 3010029021 |r 2015-03-20 |t 1 |w 2015-03-20 |y BK | ||
| 952 | |0 0 |1 0 |2 ddc |4 0 |6 630_954000000000000_LUD |7 0 |9 53241 |a BRACUL |b BRACUL |c GEN |d 2015-03-20 |e Karim International |g 2690.00 |l 0 |o 630.954 LUD |p 3010029022 |r 2015-03-20 |t 2 |w 2015-03-20 |y BK | ||